Tajný jazyk byznysu jak každého přečíst do tří vteřin
Salvato in:
| Autore principale: | |
|---|---|
| Natura: | Libro |
| Lingua: | ceco |
| Pubblicazione: |
Brno
Computer Press
2010
|
| Soggetti: | |
| Tags: |
Nessun Tag, puoi essere il primo ad aggiungerne!!
|
MARC
| LEADER | 00000nam a2200000 4500 | ||
|---|---|---|---|
| 001 | 0162661 | ||
| 005 | 20221207093853.1 | ||
| 020 | |a 978-80-251-2370-6 | ||
| 041 | 0 | |a cze | |
| 044 | |a CZ | ||
| 245 | 1 | 0 | |a Tajný jazyk byznysu |b jak každého přečíst do tří vteřin |c Kevin Hogan |
| 264 | 1 | |a Brno |b Computer Press |c 2010 | |
| 300 | |a xvii, 170 s. | ||
| 610 | 2 | 0 | |a komunikácia neverbálna |
| 610 | 2 | 0 | |a komunikácia verbálna |
| 610 | 2 | 0 | |a psychológia |
| 610 | 2 | 0 | |a partneri obchodní |
| 610 | 2 | 0 | |a rokovania obchodné |
| 610 | 2 | 0 | |a predaj |
| 610 | 2 | 0 | |a pohovor |
| 610 | 2 | 0 | |a rozmanitosť kultúrna |
| 610 | 2 | 0 | |a komunikácia multikultúrna |
| 610 | 2 | 0 | |a diplomacia |
| 610 | 2 | 0 | |a politika |
| 100 | 1 | |a Hogan, Kevin | |